Současné informační prostředí a informační gramotnost

Bibliographic Details
Main Author: Sedláčková, Beáta (Author)
Format: Article
Language:Slovak
Czech
ISBN:9788055506593
Subjects:

MARC

LEADER 00000nab a2200000 a 4500
001 vtls010506278
003 SK-MaSNL
005 20260305035418.0
008 140228c2012 xo r m 100 a0slo
015 |a SNBRA2013/04SVKPO 
038 |a SVKPO 
040 |a SVKPOCL  |b slo  |c SVKPOCL  |e AACR2 
041 0 |a cze 
044 |a xo  |c SK 
080 |a 02  |2 2001 
080 |a 005.745  |2 2001 
080 |a 37.014.22  |2 2001 
080 |a 37.03:024.5  |2 2001 
080 |a 024.5  |2 2001 
080 |a 37.03  |2 2001 
080 |a 316.77  |2 2001 
080 |a 026/027  |2 2001 
080 |a (048.8)  |2 2001 
100 1 |a Sedláčková, Beáta,  |4 aut  |9 395524 
245 1 0 |a Současné informační prostředí a informační gramotnost  |c Beáta Sedláčková 
504 |a Bibliogr. odkazy 
650 0 7 |a knihovníctvo  |2 svkpocl  |9 1557 
650 0 7 |a konferencie  |2 svkpocl  |9 19221 
650 0 7 |a gramotnosť  |2 svkpocl  |9 19942 
650 0 7 |a informačná gramotnosť  |2 svkpocl  |9 79102 
650 0 7 |a funkčná gramotnosť  |2 svkpocl  |9 69139 
650 0 7 |a komunikácia  |2 svkpocl  |9 1362 
650 0 7 |a komunikačný proces  |2 svkpocl  |9 1050579 
650 0 7 |a knižnice  |2 svkpocl  |9 17965 
655 7 |a štúdie  |2 svkpocl  |9 57033 
773 0 |t Čitateľ a knižnice v ére digitalizácie : zborník materiálov z medzinárodnej vedeckej konferencie, konanej 21. septembra 2011 na Filozofickej fakulte PU v Prešove /d Prešov : Filozofická fakulta Prešovskej univerzity, 2012  |g S. 36-46  |z 9788055506593 
852 |a SVKPO  |b KIS3GCP 
958 |a SK 
958 |a NB 
958 |a CZ 
999 |c 3333686  |d 3335616